120 Most Famous Cities in Brazil on a Map - Statistics

General Stats
  • This quiz has been taken 219 times
  • The average score is 43 of 120
Answers on the Map
Answers color-coded by a green-red scale on the quiz's map according to % correct below.
 
Answer Stats
Wiki Monthly Views Cityquiz Mention Rate Population Answers % Correct
341.36K 69.55% 6775.56K Rio de Janeiro
99%
163.93K 64.87% 2988.44K Brasília
98%
72.09K 34.58% 2244.47K Manaus
97%
292.00K 63.35% 12284.94K São Paulo
97%
39.58K 23.77% 1493.53K Belém
96%
69.66K 29.06% 2530.70K Belo Horizonte
96%
50.62K 26.02% 2703.39K Fortaleza
94%
58.92K 25.51% 1492.53K Porto Alegre
94%
51.21K 26.58% 1661.02K Recife
94%
80.18K 31.34% 2899.52K Salvador
94%
71.03K 20.33% 1963.73K Curitiba
89%
31.41K 17.27% 896.71K Natal
89%
50.91K 12.91% 496.96K Florianópolis
83%
34.06K 15.13% 1549.74K Goiânia
81%
25.57K 17.21% 1054.01K São Luís
79%
31.23K 12.98% 1202.20K Campinas
75%
22.52K 11.63% 369.53K Vitória
71%
13.29K 2.59% 307.67K Vitória da Conquista
71%
13.56K 10.37% 903.71K Campo Grande
67%
24.38K 8.58% 822.68K João Pessoa
65%
30.14K 12.11% 433.67K Santos
65%
16.46K 8.23% 821.19K Teresina
63%
21.25K 7.42% 687.01K Uberlândia
60%
28.84K 9.85% 1030.91K Maceió
57%
21.52K 10.17% 611.98K Cuiabá
56%
15.86K 8.20% 500.54K Porto Velho
53%
15.24K 8.75% 426.59K Boa Vista
52%
13.00K 9.39% 385.13K Rio Branco
49%
21.15K 6.74% 565.76K Londrina
48%
15.54K 7.76% 672.61K Aracaju
47%
15.55K 7.96% 1404.69K Guarulhos
47%
14.82K 9.51% 500.07K Macapá
46%
22.91K 6.13% 584.24K Joinville
43%
15.04K 7.16% 304.31K Palmas
43%
10.30K 13.76% 271.30K Santa Maria
42%
6.14K 4.69% 250.69K São José
42%
20.82K 4.74% 722.31K São José dos Campos
42%
19.86K 4.28% 349.53K Blumenau
40%
11.37K 5.53% 225.87K Santarém
39%
11.50K 4.81% 926.29K Duque de Caxias
38%
21.82K 5.56% 255.83K Foz do Iguaçu
38%
9.80K 3.92% 332.68K Uberaba
38%
20.96K 5.48% 718.07K Ribeirão Preto
34%
17.81K 4.25% 428.62K Maringá
33%
15.79K 5.89% 516.98K Niterói
33%
22.91K 3.98% 291.96K Petrópolis
33%
14.09K 3.30% 394.49K Campina Grande
32%
15.94K 4.85% 504.29K Caxias do Sul
31%
12.38K 5.08% 320.70K Pelotas
31%
15.97K 4.38% 570.97K Juiz de Fora
30%
15.23K 6.25% 1097.56K São Gonçalo
30%
14.59K 4.37% 572.52K Feira de Santana
29%
11.40K 4.04% 389.58K Anápolis
28%
13.89K 2.23% 52.38K Campos do Jordão
28%
12.85K 2.77% 464.70K Campos dos Goytacazes
28%
40.18K 2.00% 3.14K Fernando de Noronha/Vila dos Remédios
28%
11.49K 3.73% 385.97K Olinda
28%
9.16K 4.17% 816.38K Nova Iguaçu
27%
12.48K 3.68% 267.99K Petrolina
27%
17.14K 4.61% 208.47K Chapecó
26%
9.97K 2.67% 178.30K Juazeiro
26%
16.64K 4.54% 835.66K São Bernardo do Campo
26%
16.41K 4.46% 688.25K Sorocaba
26%
9.37K 3.81% 506.19K Vila Velha
26%
11.06K 3.31% 317.10K Cascavel
25%
15.37K 4.76% 701.43K Osasco
25%
10.29K 3.27% 132.86K Ilhéus
24%
15.51K 4.38% 125.07K Porto Seguro
24%
9.85K 9.93% 204.46K Rio Grande
24%
6.74K 3.03% 118.66K Uruguaiana
24%
9.41K 3.04% 350.92K Ponta Grossa
23%
9.51K 2.65% 176.58K Cabo Frio
22%
9.29K 3.03% 216.34K Criciúma
22%
9.00K 2.40% 246.37K Imperatriz
22%
8.58K 3.09% 227.22K Presidente Prudente
22%
11.36K 4.71% 723.89K Santo André
22%
15.98K 3.09% 440.71K São José do Rio Preto
22%
6.22K 3.15% 533.07K Serra
22%
19.53K 4.07% 65.07K Ouro Preto
21%
11.43K 3.19% 370.14K São Vicente
21%
20.03K 2.82% 149.23K Balneário Camboriú
20%
11.14K 2.64% 352.24K Franca
20%
10.37K 2.67% 267.34K Juazeiro do Norte
20%
12.04K 3.39% 375.32K Bauru
19%
5.63K 2.92% 446.74K Betim
19%
10.79K 2.22% 327.91K Caruaru
19%
9.97K 2.41% 271.05K Governador Valadares
19%
11.50K 3.20% 397.31K Montes Claros
19%
7.86K 3.80% 123.48K Sinop
19%
8.85K 2.25% 35.68K Aparecida
18%
6.89K 2.86% 671.57K Contagem
18%
8.88K 2.95% 324.91K Guarujá
18%
12.47K 2.84% 243.02K Novo Hamburgo
18%
12.51K 2.49% 401.47K Piracicaba
18%
12.73K 2.15% 32.59K Paraty
17%
9.05K 3.11% 246.63K São Carlos
17%
10.35K 2.21% 214.36K Itajaí
16%
12.67K 3.32% 408.57K Jundiaí
16%
7.60K 2.68% 165.80K Itu
15%
10.47K 2.15% 162.76K São Caetano do Sul
15%
7.73K 3.04% 429.55K Diadema
14%
18.23K 2.56% 419.79K Mogi das Cruzes
13%
9.18K 2.40% 336.45K Praia Grande
13%
9.08K 2.56% 313.90K Taubaté
13%
9.21K 2.57% 202.46K Angra dos Reis
12%
10.26K 0.74% 35.06K Armação dos Búzios
12%
17.61K 3.72% 33.14K Gramado
12%
9.82K 2.06% 233.70K Araraquara
11%
9.40K 1.98% 167.76K Nova Friburgo
10%
10.75K 1.62% 165.70K Poços de Caldas
10%
6.30K 3.27% 14.68K Goiás
9%
9.06K 1.05% 35.94K Ilhabela
8%
8.86K 1.93% 99.58K Altamira
7%
7.62K 2.87% 54.33K Mariana
7%
10.34K 0.95% 30.83K Arraial do Cabo
6%
9.44K 1.09% 65.07K Bertioga
6%
9.79K 0.77% 29.66K Pomerode
6%
15.04K - 1.18K Fordlândia
5%
9.13K 1.05% 72.88K Três Corações
3%
15.13K 0.16% 50.41K União dos Palmares
3%
No matching quizzes found
Score Distribution
Percent of People with Each Score
Percentile by Number Answered
Your Score History
You have not taken this quiz